|
|
|
|
| LEADER |
00000ny a22000003n 4500 |
| 005 |
20110606150515.0 |
| 008 |
080625s1993 sp s 000 0 spa c |
| 020 |
|
|
|a 9992011041
|
| 035 |
|
|
|a 1184
|
| 040 |
|
|
|a UMA.RE
|d vLex
|
| 080 |
|
|
|a 347.251(460)(0.034)
|
| 080 |
|
|
|a 347.41(063)(0.034)
|
| 080 |
|
|
|a 347.67(063)(0.034)
|
| 090 |
|
|
|c 508
|d 508
|
| 100 |
1 |
|
|a Caballero Lozano, Jos ̌M®
|
| 245 |
1 |
4 |
|a Las prohibiciones de disponer
|h [Recurso electrn̤ico]
|b Su proyeccion como garantia de las obligaciones /
|c Jos ̌M® Caballero Lozano
|
| 256 |
|
|
|a Servicio en ln̕ea
|
| 260 |
|
|
|a [Barcelona] :
|b J.M. Bosch,
|c 1993
|
| 506 |
1 |
|
|a Contenido solo disponible en los productos indicados
|d vLex Global
|d vLex Global (Academic Edition, excluding Law Schools)
|d vLex Global (U.S. Academic Edition, Law Schools)
|d vLex Global (U.S. Academic Edition, excluding Law Schools)
|d vLex Global (Academic Edition, Law Schools)
|
| 650 |
0 |
7 |
|a Obligaciones
|2 Tesauro vLex
|
| 650 |
0 |
7 |
|a Civil
|2 Tesauro vLex
|
| 650 |
0 |
7 |
|a Garanta̕s de la obligacin̤
|2 Tesauro vLex
|
| 740 |
0 |
|
|a vLex Libros (Servicios en ln̕ea)
|
| 856 |
4 |
0 |
|u http://vlex.com/source/1184
|z Acceso restringido
|
| 942 |
|
|
|c BOOK
|
| 999 |
0 |
|
|a Civil Law
|b Barcelona
|